| 000 | 01000nam a2200265Ia 4500 | ||
|---|---|---|---|
| 003 | OSt | ||
| 005 | 20220923225221.0 | ||
| 006 | a|||||r|||| 00| 0 | ||
| 007 | ta | ||
| 008 | 220922b |||||||| |||| 00| 0 pan d | ||
| 020 | _c150 | ||
| 024 | _a260,424 | ||
| 037 |
_b545, 02/12/2011, H.K. Prakashan _cTextual |
||
| 040 |
_aARTS _cARTS _bpan |
||
| 041 |
_2pan _apan |
||
| 082 | _aO157,1M61x, 153Q0.12 | ||
| 100 |
_aਟੈਗੋਰ, ਰਬਿੰਦਰ ਨਾਥ; ਤ੍ਰਿਲੋਚਨ ਸਿੰਘ, ਥਦ. _9168514 |
||
| 245 | 0 | _aਕੌਰਵ ਪਾਂਡਵ | |
| 260 |
_aਲੁਧਿਆਣਾ _b ਪੰਜਾਬੀ ਸਾਹਿਤ ਅਕਾਦਮੀ _c2010 |
||
| 300 |
_a152ਪੰ _ccm. |
||
| 490 | _aN?r'o ouBktbh | ||
| 650 | _aਬੰਗਾਲੀ ਸਾਹਿਤ | ||
| 942 |
_hO157,1M61x, 153Q0.12 _cTEXL _2CC |
||
| 999 |
_c376774 _d376774 |
||